000
00256nam a22001097a 4500
999
_c
262629
_d
262628
020
_a
9780810993136
100
_a
Kinney Jeff
245
_a
Diary of wimpy kid
260
_a
NewYork
_b
Amulet Books
490
_a
Wimpy Kid Do-It Your self series
942
_c
BK